RANG AND DALE'S PHARMACOLOGY (Record no. 216960)
[ view plain ]
| 000 -LEADER | |
|---|---|
| fixed length control field | 00543nam a22001937a 4500 |
| 008 - FIXED-LENGTH DATA ELEMENTS--GENERAL INFORMATION | |
| fixed length control field | 260415b |||||||| |||| 00| 0 eng d |
| 022 ## - INTERNATIONAL STANDARD SERIAL NUMBER | |
| International Standard Serial Number | 978-0-323-87396-3 |
| 050 ## - LIBRARY OF CONGRESS CALL NUMBER | |
| Classification number | RM 301 .R36 2024 |
| 100 ## - MAIN ENTRY--PERSONAL NAME | |
| Personal name | RITTER, JAMES M. |
| 245 ## - TITLE STATEMENT | |
| Title | RANG AND DALE'S PHARMACOLOGY |
| 250 ## - EDITION STATEMENT | |
| Edition statement | 10TH |
| 260 ## - PUBLICATION, DISTRIBUTION, ETC. | |
| Place of publication, distribution, etc. | LONDON, |
| Name of publisher, distributor, etc. | ELSEVEIR, |
| Date of publication, distribution, etc. | 2024. |
| 300 ## - PHYSICAL DESCRIPTION | |
| Extent | XVII, 850 P , ILL |
| 500 ## - GENERAL NOTE | |
| General note | INCLUDES INDEX. |
| 650 ## - SUBJECT ADDED ENTRY | |
| Topical term or geographic name entry element | PHARMACOLOGY- TEXTBOOK |
| 700 ## - ADDED ENTRY--PERSONAL NAME | |
| Personal name | FLOWER, ROD. MACEWAN, DAVID |
| 942 ## - ADDED ENTRY ELEMENTS (KOHA) | |
| Source of classification or shelving scheme | Library of Congress Classification |
| Koha item type | Long Loan Book |
| Withdrawn status | Lost status | Source of classification or shelving scheme | Damaged status | Not for loan | Collection | Home library | Current library | Shelving location | Date acquired | Inventory number | Total checkouts | Full call number | Barcode | Date last seen | Copy number | Price effective from | Koha item type |
|---|---|---|---|---|---|---|---|---|---|---|---|---|---|---|---|---|---|
| Library of Congress Classification | Medicine | Kisii University Library | Kisii University Library | On Display | 04/15/2026 | 112900 | RM 301 .R36 2024 | a001594 | 04/15/2026 | 1 | 04/15/2026 | Long Loan Book | |||||
| Library of Congress Classification | Medicine | Kisii University Library | Kisii University Library | On Display | 04/15/2026 | 112901 | RM 301 .R36 2024 | a001593 | 04/15/2026 | 2 | 04/15/2026 | Long Loan Book | |||||
| Library of Congress Classification | Medicine | Kisii University Library | Kisii University Library | On Display | 04/15/2026 | 112902 | RM 301 .R36 2024 | a001592 | 04/15/2026 | 3 | 04/15/2026 | Long Loan Book | |||||
| Library of Congress Classification | Medicine | Kisii University Library | Kisii University Library | On Display | 04/15/2026 | 112903 | RM 301 .R36 2024 | 4a001591 | 04/15/2026 | 4 | 04/15/2026 | Long Loan Book |